Law of negligence in malaysia

Bibliographic Details
Format: Book

MARC

LEADER 00000cam a2200000 7i4500
001 0000008970
002 000009771
005 20000330.0
020 |a T000000722 
090 0 0 |a 346.02   |b SAL 
245 1 0 |a Law of negligence in malaysia 
999 |a 027521   |b BUKU   |c PINJAMAN   |e PERPUSTAKAAN KOMUNITI PETALING JAYA